|
|
|
|
| LEADER |
01072nam a2200265 a 4500 |
| 001 |
1182267 |
| 008 |
100112s1998 nyu b 001 0 eng d |
| 010 |
|
|
|a 97037085
|
| 020 |
|
|
|a 080773697X (pbk. : alk. paper)
|
| 040 |
|
|
|a DLC
|c DLC
|d DLC
|d BD-DhAAL
|
| 082 |
0 |
0 |
|a 300/.723
|2 21
|
| 100 |
1 |
|
|a Seidman, Irving,
|d 1937-
|
| 245 |
1 |
0 |
|a Interviewing as qualitative research :
|b a guide for researchers in education and the social sciences /
|c Irving Seidman.
|
| 250 |
|
|
|a 2nd ed.
|
| 260 |
|
|
|a New York :
|b Teachers College Press,
|c c1998.
|
| 300 |
|
|
|a xxii, 143 p. ;
|c 23 cm.
|
| 504 |
|
|
|a Includes bibliographical references (p. 125-132) and index.
|
| 541 |
1 |
|
|e 00006556
|
| 650 |
|
0 |
|a Interviewing.
|
| 650 |
|
0 |
|a Social sciences
|x Research
|x Methodology.
|
| 650 |
|
0 |
|a Education
|x Research
|x Methodology.
|
| 650 |
|
0 |
|a Qualitative research.
|
| 852 |
4 |
|
|a Ayesha Abed Library
|j General Shelf.
|
| 999 |
|
|
|c 6945
|d 6945
|
| 952 |
|
|
|0 0
|1 0
|2 ddc
|4 0
|6 300_723000000000000_SEI_1998
|7 0
|9 7178
|a BRACUL
|b BRACUL
|c GEN
|d 2010-01-13
|l 1
|o 300.723 SEI
|p 3010006556
|r 2010-05-31
|s 2010-05-13
|t 1
|w 2010-01-13
|y BK
|